000 00333 a2200157 4500
001 174809
020 _a
040 _cMagnum
100 _aMota, Carlos Guilherme
240 1 0 _aA descoberta da america
_lpor
245 1 0 _aA descoberta da america
362 0 _a1899
440 1 _aÁtica
697 _aPARADIDATICO
942 _cBK
999 _c174809
_d174809